[Event "EU-Cup 19th"]
[Site "Rethymno"]
[Date "2003.09.30"]
[Round "3.2"]
[White "Roiz, Michael"]
[Black "Efimenko, Zahar"]
[Result "1/2-1/2"]
[WhiteElo "2554"]
[BlackElo "2546"]
[Annotator "Roiz,M"]
[PlyCount "67"]
[EventDate "2003.09.28"]
[EventType "team-swiss"]
[EventRounds "7"]
[EventCountry "GRE"]
[SourceTitle "CBM 098"]
[Source "ChessBase"]
[SourceDate "2004.02.03"]
[SourceVersion "1"]
[SourceVersionDate "2004.02.03"]
[SourceQuality "1"]
[WhiteTeam "Beer Sheva"]
[BlackTeam "Momot Alexander"]
[WhiteTeamCountry "ISR"]
[BlackTeamCountry "UKR"]

1. d4 {[%mdl 2048]} Nf6 2. c4 e6 {That was already a big surprize for me,since
Zahar's favourite is 2...g6.} 3. Nf3 b6 4. Nc3 Bb4 5. Qc2 Bb7 6. a3 Bxc3+ 7.
Qxc3 O-O 8. Bg5 d6 9. Nd2 {That line is not very popular nowdays,but it was
used by very strong players like Kasparov,Kramnik and Ivanchuk.} c5 $5 {
An interesting alternative to the main 9...Nbd7.Sometimes it can transpose to
9...Nbd7,but the difference is that black's knight can sometimes be placed on
c6 as well(for example, after e2-e4!)} ({The main is:} 9... Nbd7 10. f3 h6 (
10... Rc8 11. e3 c5 12. dxc5 Rxc5 13. Bh4 Rc8 14. Be2 d5 15. O-O Ba6 16. a4 Ne4
17. Nxe4 Qxh4 18. Nd6 Rc7 19. b3 {1/2-1/2 Onischuk,A-Epishin,V/Germany 2000/
CBM 76 (19)}) (10... d5 11. cxd5 exd5 12. e3 Re8 13. Bb5 c6 14. Bd3 h6 15. Bxf6
Qxf6 16. O-O Re7 17. f4 c5 18. Nf3 cxd4 19. Qxd4 Nc5 {1/2-1/2 Narciso Dublan,
M-Komarov,D/France 2001/EXT 2002 (19)}) 11. Bh4 c5 (11... d5 12. cxd5 exd5 13.
e3 Re8 14. Bf2 c5 15. Bd3 a5 16. O-O c4 17. Bc2 b5 $132 {1/2-1/2 Nguyen Anh
Dung-Piket,J/Istanbul 2000/EXT 2001 (27)}) (11... Rc8 12. e4 c5 13. Bd3 cxd4
14. Qxd4 Ne5 15. O-O Ng6 16. Bf2 Nd7 17. Rfd1 Nde5 18. Bf1 Qg5 $132 {1/2-1/2
Kruppa,Y-Grigoriants,S/Kiev 2001/EXT 2002 (23)}) 12. e4 cxd4 13. Qxd4 Qc7 14.
Be2 Qc5 15. Nb3 Qxd4 16. Nxd4 a6 17. O-O $14 {1-0 Kruppa,Y-Tunik,G/Alushta
2000/EXT 2001 (47)}) 10. dxc5 bxc5 11. e3 Nbd7 {Now there is no reason to put
the knight on c6,so the placement of black pieces is typical for that pawn
structure.} 12. Bd3 {[%cal Gd3c2] In my opinion,that is the best position of
Bd3,since it can be transfered on c2.} (12. f3 Qb6 13. Bd3 a5 14. O-O a4 15.
Rfd1 Bc6 16. Bh4 Rfb8 17. Rab1 Qa5 $11 {1-0 Drasko,M-Stojanovic,Z/Jahorina
2000/EXT 2001 (29)}) 12... h6 {That is always a bid question-if that move is
useful or not,sice white wants to prevent d6-d5-d4,puting the bishop on f2
anyway.} 13. Bh4 Qb6 ({after} 13... Bxg2 $6 14. Rg1 Bb7 15. O-O-O {[%cal Gd3e4,
Gd2e4] white's initiative is very dangerous.}) (13... a5 $5 14. O-O a4 15. Bc2
Qb6 {[%cal Gb7c6]}) 14. O-O ({possibly was:} 14. f3 d5 15. Bf2 {preventing
d5-d4.}) 14... d5 15. cxd5 $5 $146 {That natural move is a novelty.I think
that white should try to open the position,since he has a pair of bishops.} ({
after} 15. f3 a5 (15... d4 $6 16. exd4 cxd4 17. Qc2 a5 18. b4 $1 $36) (15... e5
16. Qc2 d4 17. exd4 exd4 18. b4 a5 19. bxc5 Nxc5 20. Rab1 Qc6 21. Nb3 Nxb3 22.
Qxb3 Ba6 23. Rfc1 Rfe8 24. Bf2 $14 {1-0 Erdos,V-Farago,I/1st GM, Nagykanizsa
HUN 2003 (33)}) 16. Bf2 a4 17. Rfe1 Rfe8 18. Rab1 Ba6 19. Qc2 Ne5 20. Bf1 {
white has a slighty better chanses in Kramnik,V-Anand,V/Linares 1998 [Gershon]}
) 15... exd5 (15... Nxd5 16. Qc2 Ne5 17. Be2 $14) 16. Bf5 {[%csl Gf5] My idea
was to put pressure on black's central pawns,using the fact that he couldn't
place his rooks comfortably due to pressure of my strong bishops.} d4 17. exd4
cxd4 18. Qh3 ({white's chanses are slighty better in the endgame which can
arise after:} 18. Qb4 $5 Qxb4 (18... Qc6 19. f3 Qd5 20. Be4 $1 Nxe4 21. fxe4
Qc6 22. Qxd4 $14) 19. axb4 g6 20. Bxd7 Nxd7 21. Nb3 $14) 18... Ne5 19. Bg3 $6 {
I have completely overlooked black's next move! There was no reason for that
retreat!} ({after} 19. Rae1 $142 Rae8 20. f4 $1 Ng6 21. Bxg6 fxg6 22. Nc4 Qc7
23. Ne5 $132 {there is a very complicated position in which white's chanses
are not worse.}) 19... Qb5 $1 {Now the queens gets an ideal place on d5.} 20.
a4 ({now} 20. Rae1 {is too late:} Nd3 $1 21. Re7 Bc8 $17 {[%csl Gd3]}) ({after
} 20. Bxe5 Qxe5 21. Rfe1 Qf4 22. Qd3 Rfe8 {black is also better.}) 20... Qd5
21. Rfe1 Neg4 $1 {[%csl Gd5,Rh3] A very strong move! My queen has no squares
now.} 22. Bd3 ({after} 22. Bxg4 Nxg4 23. Re7 f5 $17 {black has a great
advantage.}) 22... Bc8 {It looks very strong,but actually that leads to a
force draw!} ({There was an interesting alternative:} 22... Rfe8 $142 23. Bf4 {
(otherwise there is no way to activate the queen)} Qa5 $1 {[%csl Re1][%cal
Ya5e1]} 24. Rec1 $1 (24. Rxe8+ Rxe8 25. Bb5 Rd8 $15) 24... Bd5 25. Bb5 Re6 {
with a very complicated play.}) 23. Ne4 $1 Nxf2 (23... Re8 $2 24. f3 $1) 24.
Nxf6+ gxf6 25. Qxh6 Nxd3 26. Bh4 $1 {Suddenly black cannot defend on f6 and
the draw is unavoidable!} Nxe1 27. Rxe1 Bb7 28. Re2 {Black has an extra rook,
but he cannot sucrifice his queen.} Qf5 29. Bxf6 Qb1+ 30. Kf2 Qh7 31. Qg5+ Qg6
32. Qh4 Qh7 33. Qg5+ Qg6 34. Qh4 1/2-1/2

[Event "EU-Cup 21st"]
[Site "Saint Vincent"]
[Date "2005.09.22"]
[Round "5.3"]
[White "Roiz, Michael"]
[Black "Hracek, Zbynek"]
[Result "1/2-1/2"]
[WhiteElo "2593"]
[BlackElo "2591"]
[Annotator "Roiz,M"]
[PlyCount "49"]
[EventDate "2005.09.18"]
[EventType "team-swiss"]
[EventRounds "7"]
[EventCountry "ITA"]
[SourceTitle "CBM 110"]
[Source "ChessBase"]
[SourceDate "2006.01.31"]
[SourceVersion "1"]
[SourceVersionDate "2006.01.31"]
[SourceQuality "1"]
[WhiteTeam "Beer Sheva"]
[BlackTeam "Werder Bremen"]
[WhiteTeamCountry "ISR"]
[BlackTeamCountry "GER"]

1. d4 Nf6 2. c4 e6 3. Nc3 Bb4 4. Qc2 {I wanted to bring some surprise for
Zbynek, since I have never played this line before. Unfortunately, he was
prepared well for it!} O-O 5. a3 Bxc3+ 6. Qxc3 b6 7. Bg5 Bb7 8. e3 ({I have
tried} 8. Nf3 d6 9. Nd2 {but I hardly can be satisfied with my results in this
line.}) 8... d6 9. Ne2 Nbd7 10. Qd3 Ba6 $1 {This line has gained real
popularity in the last few years. Black's last move is the strongest one.} 11.
Nc3 ({Another continuation here is:} 11. b4) 11... d5 {This allows black to
simplify the position and to neutralize white's space advantage.} (11... h6 12.
Bh4 d5 13. Qc2 Bxc4 14. Bxc4 dxc4 15. Qa4 c5 16. Rd1 Qc8 17. Qxc4 cxd4 18. Qxc8
Raxc8 19. Rxd4 Ne5 20. Bxf6 gxf6 21. Kd1 Rfd8 22. Rxd8+ Rxd8+ 23. Kc2 f5 24.
Rd1 Rxd1 25. Nxd1 $14 {1/2-1/2 Atalik,S-Gershon,A/Athens GRE 2004 (62)}) 12.
Qc2 Bxc4 13. Bxc4 dxc4 14. Qa4 c5 15. Rd1 {This fresh move was played by
Mikhail Gurevich in Warsaw 2005. Unfortunately, black doesn't face real
problems.} ({As the practice shows, black has a clear way of equalizing after:
} 15. Qxc4 cxd4 16. Qxd4 h6 17. Bh4 Qc7 ({not} 17... g5 $6 18. Bg3 Nc5 19. Rd1
Qxd4 20. Rxd4 Rfd8 21. h4 $14 {1-0 Dreev,A-Timman,J/Reykjavik ISL 2004/The
Week in Chess 488 (40)}) 18. O-O Rfc8 19. Rfd1 Qc4 20. f3 Qxd4 21. Rxd4 Ne5 22.
e4 Nh5 $11 {1/2-1/2 Van Wely,L-Ivanchuk,V/Monte Carlo MNC 2004/The Week in
Chess 491 (50)}) 15... Qc8 $146 {In my opinion, this new move is not worse
than 15...cxd4.} ({Black has solved his problems after:} 15... cxd4 16. Rxd4
Qc7 17. Qxc4 Qxc4 18. Rxc4 Rfc8 19. Rxc8+ (19. Rd4 $5) 19... Rxc8 20. Ke2 Ne5
21. Bxf6 gxf6 22. Rc1 f5 23. h3 h5 $11 {1/2-1/2 Gurevich,M-Cheparinov,I/Metz
FRA 2005 (39) but it seems that white's chances in this endgame were slighty
better.}) 16. Qxc4 ({As my opponent noticed after the game, black successfully
solves all his problems also after:} 16. O-O Nd5 (16... cxd4 17. Rxd4 Ne5 $6
18. Bxf6 gxf6 19. Ne4 $36) 17. Qxc4 Nxc3 (17... cxd4 $6 18. Qxc8 Raxc8 19. Nxd5
exd5 20. Rxd4 $16) 18. Qxc3 Qb7 $11) 16... cxd4 17. Qxd4 ({I could transpose
to Gurevich-Cheparinov after} 17. Rxd4 Qxc4 18. Rxc4 Rfc8 {, but I tried to
make some changes!}) 17... Qa6 {Preventing white from castling.} 18. Qd3 (18.
e4 $6 Rac8 19. e5 Nd5 20. Nxd5 exd5 21. Qxd5 Nxe5 $36) (18. f3 Rac8 19. Kf2 Rc5
20. Bxf6 Nxf6 $11) 18... Qxd3 19. Rxd3 Ne5 20. Rd4 Rfc8 21. Bxf6 ({After} 21.
Kd1 {black has a strong reply:} Nd5 $1 (21... Nc4 22. Bxf6 gxf6 23. Kc2 $14)
22. Nxd5 exd5 23. Rxd5 Nc4 $11 {winning the pawn back. Black's activity is
sufficient for equality here.}) 21... gxf6 22. Kd2 f5 23. h3 {Taking control
of the g4-spot and preparing a g2-g4 advancement at some point.} ({Maybe more
accurate would be:} 23. Rd1 $5 {but it doesn't change the valuation of this
line much.}) 23... Nc4+ 24. Kc2 b5 $1 {Securing the statement of the Nc4 and
intending to push the queen-side pawns at some moment. Black has completely
equalized.} 25. Rc1 {Here the draw was agreed.} ({The following variations
prove, that black is O.K:} 25. Rc1 Rab8 26. Kb3 (26. Kb1 b4 (26... a6 27. Ne2
Kf8) 27. axb4 (27. Na2 bxa3 28. Rdxc4 Rxb2+ 29. Ka1 Rxc4 30. Rxc4 Rxf2 $15) (
27. Nd1 $4 Nxa3+ 28. bxa3 bxa3+ $19) 27... Rxb4 28. Ka1 Rbb8 $11) 26... a6 $11
(26... a5 $6 27. Ka2 b4 $6 (27... Ne5 $14) 28. Na4 $16)) 1/2-1/2

[Event "EU-Cup 17th"]
[Site "Panormo"]
[Date "2001.09.26"]
[Round "4.3"]
[White "Gustafsson, Jan"]
[Black "Rozentalis, Eduardas"]
[Result "1/2-1/2"]
[WhiteElo "2535"]
[BlackElo "2588"]
[Annotator "Rozentalis,E"]
[PlyCount "87"]
[EventDate "2001.09.22"]
[EventType "team-swiss"]
[EventRounds "7"]
[EventCountry "GRE"]
[SourceTitle "CBM 084 Extra"]
[Source "ChessBase"]
[SourceDate "2001.10.26"]
[SourceVersion "1"]
[SourceVersionDate "2001.10.26"]
[SourceQuality "1"]
[WhiteTeam "Hohenems"]
[BlackTeam "Warsaw Polonia"]
[WhiteTeamCountry "AUT"]
[BlackTeamCountry "POL"]

1. d4 e6 2. c4 Nf6 3. Nc3 Bb4 4. Qc2 O-O 5. a3 Bxc3+ 6. Qxc3 b6 7. Bg5 Ba6 8.
Qf3 Nc6 9. e3 Bb7 10. O-O-O ({Practise shows, that White can't expect too much
in the endgame:} 10. Rc1 h6 11. Bxf6 Qxf6 12. Qxf6 gxf6 13. Ne2 Ne7 14. Nc3 f5
(14... c5 $11 {was exualizing immediately- Turov.}) 15. Be2 Ng6 ({now,} 15...
c5 {is bad, because of} 16. d5 exd5 17. Bf3 $16) 16. O-O f4 17. e4 f5 18. Bd3 (
{after} 18. exf5 Nh4 $1 {Black gains serious initiative.}) 18... fxe4 19. Bxe4
Bxe4 20. Nxe4 Rae8 21. Rfe1 Re7 22. Nd2 Nh4 23. Re4 {1/2:1/2, Turov 2550 -
Rozentalis 2588, Montreal Int 2001}) 10... Qe7 {Novelty.} (10... Na5 {was
played earlier.}) 11. Bd3 Na5 12. Qf4 (12. d5 $2 exd5 13. cxd5 Qc5+ {is bad
for White;}) (12. Qh3 {meats} h6) ({but} 12. Qg3 Rfe8 {leads to an unclear
position.}) 12... h6 13. h4 $6 {Too optimistic.} (13. Bxf6 Qxf6 14. Qxf6 gxf6 {
with an equal endgame.}) 13... Qd6 $1 14. Bxf6 ({Black is fine also in case of
} 14. Qxd6 cxd6 15. Bxf6 gxf6 {and white pawns c4 and g2 are under fire}) ({or
} 14. Bxh6 Qxf4 15. Bxf4 Bxg2 16. Rh2 Be4 $15) 14... Qxf4 15. exf4 gxf6 16. Ne2
d5 17. cxd5 Bxd5 $15 18. Kb1 ({I think, White should have played} 18. f5) 18...
f5 19. Rc1 c6 (19... c5 $2 {would be wrong:} 20. dxc5 Nb3 21. Rcd1 Nxc5 22.
Bxf5) 20. b4 Nb3 (20... Nb7 {is too passive:} 21. Nc3 {and White is fine.}) 21.
Rc3 $1 (21. Rc2 {gives Black an advantage after} a5 22. Kb2 axb4 23. axb4 Ra4
$17) 21... a5 22. b5 c5 ({Black doesn't achieve anything, in case of} 22...
cxb5 23. Kc2 $1 ({but not} 23. Bxb5 Nd2+ 24. Kb2 Ne4 $17) 23... Rac8 24. Bxb5
Rxc3+ 25. Kxc3 Rc8+ 26. Kd3 Be4+ 27. Ke3 {and black knight is stuck on b3.})
23. dxc5 Nxc5 24. Bc2 Rfd8 25. Rd1 Kf8 $2 {Simple waste of time.} ({Black
should have doubled the rooks at once} 25... Rd6 {with slightly better chances.
}) 26. f3 Rd6 27. g4 {White's starts his counter-play on the kingside. The
position is equal.} fxg4 28. fxg4 Rad8 29. Kc1 a4 30. g5 hxg5 31. fxg5 Bb3 32.
Rxd6 Rxd6 33. Re3 Rd5 34. g6 (34. Nc3 {would be wrong,} {as Black gains an
initiative after} Rd4) 34... fxg6 35. Nf4 Rd4 36. Nxg6+ Kg7 37. Rg3 Kh6 (37...
Kf6 38. Rf3+ Kg7 39. Rg3 $11) 38. Ne5 Rf4 (38... Rxh4 $2 39. Nf7+ {with mate.})
39. Rg6+ Kh5 40. Rg8 Rf1+ 41. Kd2 Kxh4 42. Rh8+ Kg5 43. Rg8+ Kh4 ({An attempt
to escape just looses:} 43... Kh6 $2 44. Bg6 $18) 44. Rh8+ 1/2-1/2

[Event "EU-Cup 09th Group7"]
[Site "Barcelona"]
[Date "1993.10.02"]
[Round "2"]
[White "Salov, Valery"]
[Black "Kosashvili, Yona"]
[Result "1-0"]
[WhiteElo "2685"]
[BlackElo "2500"]
[Annotator "Salov,V"]
[PlyCount "165"]
[EventDate "1993.10.01"]
[EventType "team-k.o."]
[EventRounds "3"]
[EventCountry "ESP"]
[SourceTitle "EXT 2020"]
[Source "ChessBase"]
[SourceDate "2019.10.17"]
[SourceVersion "1"]
[SourceVersionDate "2019.10.17"]
[SourceQuality "1"]
[WhiteTeam "Lyon-Oyonnax Echecs"]
[BlackTeam "Tel-Aviv ASA Phoenix"]
[WhiteTeamCountry "FRA"]
[BlackTeamCountry "ISR"]

1. d4 Nf6 2. c4 e6 3. Nc3 Bb4 4. Qc2 O-O 5. a3 Bxc3+ 6. Qxc3 d6 7. Bg5 Re8 8.
e3 h6 9. Bh4 Qe7 10. Bd3 e5 11. Ne2 e4 12. Bc2 Bf5 13. h3 Nbd7 14. g4 (14. Qa5
c5 $1) 14... Bh7 15. O-O-O Rac8 16. Bg3 (16. Qa5 $5) 16... a6 $1 17. Qa5 c5 $1
18. Nc3 cxd4 19. Rxd4 Ne5 20. Bxe5 dxe5 21. Rd2 Rxc4 22. Rhd1 $44 Rc5 23. Qb4
Qc7 24. Rd6 Rc8 25. Rd8+ Rxd8 26. Rxd8+ Qxd8 27. Qxc5 h5 $1 $8 28. g5 Nd7 29.
Qd6 Bf5 30. h4 Qa5 31. Bxe4 Bxe4 32. Nxe4 Qe1+ 33. Qd1 Qxd1+ 34. Kxd1 b6 35.
Ke2 Kf8 36. f4 exf4 37. exf4 g6 38. Ke3 Ke7 39. f5 Ne5 40. b3 gxf5 41. Ng3 f4+
$1 $8 42. Kxf4 Ng6+ 43. Ke4 Nxh4 44. Nxh5 $14 Kd6 45. Nf6 Ng6 46. Nd5 b5 47.
Nf4 Ne7 48. b4 Nc6 49. Kf5 Ke7 50. Nd5+ Kd6 51. Nf4 Ke7 52. Ne2 Nb8 $3 53. Nc3
$5 (53. Ke5 Nd7+ 54. Kd5 Nb6+ 55. Kc5 Nd7+ 56. Kc6 Ne5+ 57. Kb7 Nc4 58. Kxa6
Nxa3 59. Nd4 Kf8 60. Nxb5 Nc2 61. Ka5 Nxb4 62. Kxb4 Kg7 63. Nd6 Kg6 64. Ne4 Kf5
$10) 53... Nc6 54. Nd5+ Kd6 55. Ne3 Ke7 56. Nc2 $1 Kd7 (56... Nb8 $2 57. Ke5
Nd7+ 58. Kd5 Nb6+ 59. Kc5) 57. Kf6 Ke8 58. Ne3 a5 $8 59. bxa5 Nxa5 60. Nd5 $1
Nb3 61. Nc7+ Kf8 62. Nxb5 Nc5 $1 63. Nd6 Nd7+ 64. Kf5 Ke7 65. Nc4 Nc5 66. Ne5
Ne6 $1 {Black's defensive idea consists in placing the knight on h7 and
attacking the 'a' pawn with his king} 67. Nf3 $1 (67. a4 $2 Nxg5 68. Kxg5 f6+
$10) 67... Nc5 68. Ke5 Ne6 $1 69. Kd5 (69. a4 $2 Nxg5) 69... Kd7 $1 70. Ke5 Ke7
71. Kf5 Ng7+ $1 {Black doesn't want to repeat the moves in view of the
possibility 71...Nc5 72. Nd4!,maintaining the pressure} 72. Kg4 Kd6 73. Nd2 Kd5
$1 74. Kf4 Kd4 $2 {this is a little bit too active; Black had to defend his
position by means of 74...Ne6+ 75.Kf5 Nf8} 75. a4 Ne6+ $1 (75... Kc5 76. Nb3+
Kb4 77. a5 Kb5 78. Ke5 Ne8 79. Kd5 Ng7 80. Kd6 Nf5+ 81. Ke5 Ng3 82. Nd2 Nh5 83.
Nc4 $18) 76. Kf5 Nf8 $1 {The most stubborn defense; still, miraculously White
has the way to win! [#]} 77. Ne4 $3 (77. a5 Kc5 78. Nc4 Nh7 $1 (78... Kb5 $2
79. Nd6+ Kxa5 80. Nxf7 Kb6 81. Nd8 $1 $18) 79. Kg4 Kb5 80. Kh5 Nf8 81. Ne5 Kxa5
82. Nxf7 Ne6 $1 83. g6 Nf4+ $10) 77... Ne6 $1 (77... Kd5 78. Kf6 $3 (78. a5 Kc6
$1 $10) 78... Kxe4 (78... Nh7+ 79. Kxf7 Nxg5+ 80. Nxg5 Kc5 81. Ne4+ Kb4 82. Nc3
$1 $18 {in this line becomes evident a very important feature of this endgame:
white pawns turn out to be quite close to each other - they are separated only
by  two knight moves}) 79. Kxf7 Nd7 80. Ke7 $1 Ne5 81. Ke6 $3 $18 {a sort of a
study!}) (77... Nh7 78. a5 Kd5 79. Nf6+ $18) 78. a5 $1 (78. Kf6 $4 Kxe4 79. g6
fxg6 80. Kxe6 Kd4 $10) 78... Kd5 $8 79. Kf6 $3 (79. a6 $2 Kc6 80. g6 Ng7+ $1
81. Kf6 fxg6 82. Kxg7 Kb6 83. Nc5 g5 $10) 79... Kc6 (79... Nxg5 80. Kxg5 Kc6
81. a6 Kb6 82. Nc5 $18) (79... Kxe4 80. a6 $1 Kf4 (80... Nc7 81. Kxf7 Nxa6 82.
g6 $18) 81. g6 $1 $18) 80. Nd2 $1 $18 {it's amazing, that white's winning
manoeuvre consisted in Nd2-e4-d2!} Kd6 {after 80...Kb5 81.Nb3 Black has no
defense against g5-g6} 81. Nc4+ Kd5 82. Nb6+ Kc6 (82... Kd6 83. a6 $18) 83. g6
$1 1-0

[Event "Donner Memorial"]
[Site "Amsterdam"]
[Date "1995.??.??"]
[Round "6"]
[White "Salov, Valery"]
[Black "Granda Zuniga, Julio E"]
[Result "1/2-1/2"]
[WhiteElo "2685"]
[BlackElo "2605"]
[Annotator "Salov,V"]
[PlyCount "89"]
[EventDate "1995.08.??"]
[EventType "tourn"]
[EventRounds "11"]
[EventCountry "NED"]
[EventCategory "16"]
[SourceTitle "CBM 049"]
[Source "ChessBase"]
[SourceDate "1995.12.01"]
[SourceVersion "1"]
[SourceVersionDate "1995.12.01"]
[SourceQuality "1"]

1. d4 {Hecht Dautov} Nf6 2. c4 e6 3. Nc3 Bb4 4. Qc2 O-O 5. a3 Bxc3+ 6. Qxc3 b6
7. Bg5 Bb7 8. f3 d6 9. e4 c5 10. d5 Nbd7 11. Nh3 exd5 12. cxd5 Re8 $1 $146 {
Julio introduces very interesting novelty-he refrains from playing h7-h6 
Schwarz zögert absichtlich mit h6 und will zuerst wissen, wohin der weiße
König rochiert.} (12... a6 13. Bd3 h6 (13... Qe7 {Dautov} 14. O-O $14) 14. Bf4
Qe7 15. O-O $14 {Kasparov-Hjartarson,Reykjavik 1988}) (12... h6 13. Bf4 Re8 (
13... Qe7 14. O-O-O a6 15. g4 Nh7 16. Rg1 {/\g5->}) 14. O-O-O Ne5 15. Nf2 $14 {
Agdestein-Short,Belgrade 1989; White will develop powerful attack by means of
g2-g4-g5. It's easy to see that with the pawn on h7 this plan is impossible} (
15. g4 {Dautov} Bc8 16. Kb1 $2 (16. Nf2 $142) 16... Nxf3 17. Qxf3 Bxg4 $15 {
Hjartarson-Timman/Belgrade/1989})) 13. Be2 $2 {doesn't pose any problems for
Black} (13. Bb5 $5 Nxd5 14. Qd2 Qc8 $1 (14... f6 15. Bc4 Kh8 16. Bxd5 Bxd5 17.
Qxd5 fxg5 18. Nxg5 Ne5 19. f4 $16) 15. O-O-O Nc7 $132 (15... Nc7 {Dautov} 16.
Bxd7 Qxd7 17. Qxd6 Qxd6 18. Rxd6 Nb5 $10)) (13. O-O-O {Dautov} c4 $1 14. Kb1 b5
15. g4 a5 16. Bf4 Ne5 17. Be2 Ba6 18. g5 Nfd7 {Hier sieht man deutlich, wie
problemlos das schwarze Spiel ohne die Schwächung h7-h6 ist.} 19. Bd2 Nc5 $1
20. Nf2 b4 $19 {Videki,S-Arkhipov,S/Kecskemet 1990}) (13. Bd3 $2 {Dautov} Bxd5
$17) 13... h6 14. Bf4 (14. Be3 $2 {Dautov} Bxd5) (14. Bh4 $2 {Dautov} Nxe4) (
14. Bd2 $6 {Dautov} Qe7 {/\Nxd5}) 14... Qe7 15. Qd2 Nh5 $1 {again
staightforward and correct decision, there is no need to muddle the waters by
the piece sac:} (15... Nxe4 16. fxe4 Qxe4 17. Kf2 g5 18. Bg3 $16) 16. O-O (16.
Be3 {Dautov} f5 $15) 16... f5 $1 17. Bb5 (17. Bd3 {Dautov} fxe4 18. Bxe4 Nxf4
19. Nxf4 Qg5 20. Rf2 Nf6 $15) (17. Rae1 {Dautov} g5 18. Be3 f4 19. Bf2 Ne5 $15)
17... fxe4 18. fxe4 (18. Rae1 {Dautov} Nxf4 19. Nxf4 e3 20. Qd3 a6 21. Bxd7
Qxd7 22. Rxe3 Rxe3 23. Qxe3 Re8 24. Qd2 Qf7 $15 {><d5}) 18... a6 $1 (18... Rf8
$5 {Dautov} 19. Bc6 Rab8 {/\Ne5}) 19. Bc6 (19. Bxd7 Qxd7 20. Bxh6 Rxe4 (20...
Nf6 $5) 21. Qg5 Re5 22. Qg6 Qe8 $17) 19... Bxc6 20. dxc6 Ne5 21. Rad1 Rac8 (
21... Nxf4 $2 {Dautov} 22. Nxf4 Rac8 23. Nd5 Qe6 24. c7 $16) 22. Bxe5 $6 {
White's position may easily become dangerous due to the unfortunate location
of Nh3} (22. Qxd6 Qxd6 23. Rxd6 Nc4 $17 (23... Nc4 {Dautov} 24. Rd7 Rxc6 $15))
(22. Bxh6 gxh6 23. Qxh6 Qh7 $17) (22. Qe2 $1 $10 {was the only way to keep
balance}) 22... dxe5 (22... Qxe5 $4 {Dautov} 23. Rf5 $18) 23. Qe2 (23. Qd6 {
Dautov} Nf6 24. Nf2 Qc7 25. Qxc7 Rxc7 26. Rd6 Rec8 $15) 23... Nf6 24. Qxa6 Rxc6
25. Qb5 $6 (25. Nf2 $142) (25. Qc4+ {Dautov} Kh7 26. Nf2 Rd8 27. Rxd8 Qxd8 28.
Rd1 Rd6 29. Rxd6 Qxd6 $10) 25... Qe6 26. Nf2 Ra8 $1 27. Rd2 $6 $138 {in
time-trouble White goes downhill} (27. Rfe1) 27... Ra5 28. Rd8+ Kh7 29. Qe2 Ra4
$1 {this is the point - what to do now against the threat Ra4-d4?  /\Rd4} 30.
Qf3 Rc7 (30... Rd4 {Dautov} 31. Rxd4 exd4 (31... cxd4 32. Nd3 $10) 32. e5 Nd7
33. Qe4+ Qg6 34. Qd5 $13) 31. Rfd1 Rd4 32. R1xd4 $6 (32. b4 $8 {was a must
already; now black pawns in the center become too strong}) 32... exd4 33. Qf4
Rd7 $1 (33... Re7 $2 {Dautov} 34. Rd6 Qa2 35. h3 Qxb2 36. Qf5+ Kh8 37. Rd8+ Re8
(37... Ng8 $2 38. Qf8) 38. Rxe8+ Nxe8 39. Qf8+ Kh7 40. Qxe8 Qc1+ 41. Kh2 Qf4+
$10) 34. Rxd7 Nxd7 35. Qf5+ Qxf5 36. exf5 {S-S bei 5-5 Bauern, zentraler
schwarzer Freibauer bei abgeschnittenem eigenem König} c4 (36... g6 $5 {Hecht}
37. g4 gxf5 38. gxf5 Kg7 39. Ne4 Nf6 40. Nd6 Ng4 $13) 37. Ne4 Ne5 {/\Nd3} 38.
Nd2 b5 (38... c3 $5 39. bxc3 dxc3 40. Nb3 c2 41. Nc1 Nc4 42. a4 Nb2 43. Kf2
Nxa4 44. Ke3 h5 $1 $17) 39. Kf1 Nd3 $2 {Julio still had plenty of time, so
it's difficult to explain this terrible mistake} (39... c3 40. bxc3 dxc3 41.
Nb3 Nc4 42. Ke2 Nxa3 43. Kd3 b4 44. g4 $44 (44. g4 {Dautov} Kg8 45. h4 Kf7 46.
g5 h5 $17)) (39... Kg8 $1 $17 {simple advance of the black king may prove
decisive}) 40. Nf3 c3 41. bxc3 dxc3 42. Nd4 b4 43. axb4 $1 {it was still not
too late to lose the game after} (43. Ke2 $4 c2 $1 44. Nxc2 b3 45. Kxd3 b2 $1
$19) 43... Nxb4 44. Ke2 $10 Kg8 45. Nb5 {narrow escape} 1/2-1/2